000 00561nam a2200169Ia 4500
999 _c20308
_d20308
003 OSt
005 20201216132431.0
008 190216s9999||||xx |||||||||||||| ||und||
040 _coclc
082 _a027.554
_bGOV/A
100 _aGovernment Of India
_91019
245 0 _aAnnual Report Of The National Archives Of India 1985 /
_cGovernment Of India
260 _bThe Director Of Archives Govt Of India,
_c1985.
_aNew Delhi:
300 _a41p
650 _aNational Archives Of India
942 _cREF
_2ddc
_h027.554
_iGOV/A
_k027.554
_mGOV/A